000 00792nam a2200253Ia 4500
003 OSt
005 20220927105326.0
006 a|||||r|||| 00| 0
007 ta
008 220926b |||||||| |||| 00| 0 eng d
024 _a176490
037 _cReference Collections
040 _aRTL
_cRTL
_beng
041 _2eng
_aeng
082 _a"X9(D6, 9(B):6, P4/TH"
100 _aKhanna Sucheta
_9371692
245 0 _aFinancial decision making in I.T. industry
_b An empirical study
260 _aDelhi
_bUniversity of Delhi
_c2004
300 _a274p
_ccm.
490 _a"University of Delhi, Commerce (Deptt. of-), Dissertation"
500 _aBibliography: P 272-74
942 _h"X9(D6, 9(B):6, P4/TH"
_cCC
999 _c691842
_d691842